00942nam a2200265 a 450000100060000000300080000600500170001400800410003102000150007203500190008704000270010604100080013308200240014110000300016524500990019526000470029430000330034150400510037465000410042570000270046670000270049394200120052099900170053295201270054966001BD-RjUL20211209081505.0170313s1983 ilua b 001 0 eng  a0870942565 a(BD-RjUL)66131 aDLCcDLCdBD-RjULbeng aeng00a651.8223bSTE 19831 aStallard, John J.919523114aThe electronic office :ba guide for managers /cJohn J. Stallard, E. Ray Smith, Donald Reese. aHomewood, Ill. :bDow Jones-Irwin,cc1983. aix, 223 p. :bill. ;c24 cm. aIncludes bibliographical references and index. 0aOffice practicexAutomation.91821831 aSmith, E. Ray.91952321 aReese, Donald.9195233 2ddccBK c66001d66001 00102ddc40718NFICaRUCLbRUCLcReadingd2008-11-20eU.S.Al0o651.8 STE 1983r2017-03-13 00:00:00tC-1w2017-03-13yBK